Sports Quiz

Random Sports or NFL Quiz

NFL Draft Busts Quiz Stats

 Plays Quiz Updated Oct 12, 2018

Score 0/25 Timer 07:00
4 Plays Today
Year (Pick) Player % Correct
1998 (2)Ryan Leaf
76.6%
2005 (10)Mike Williams
67.2%
1999 (1)Tim Couch
65.1%
1999 (3)Akili Smith
63.1%
2003 (2)Charles Rogers
52.8%
2002 (3)Joey Harrington
47.7%
2007 (1)JaMarcus Russell
47.5%
2000 (1)Courtney Brown
37.6%
1995 (1)Ki-Jana Carter
37%
1999 (12)Cade McNown
29.4%
1989 (2)Tony Mandarich
26.2%
1987 (2)Brian Bosworth
25.6%
1998 (5)Curtis Enis
21.3%
Year (Pick) Player % Correct
1993 (2)Rick Mirer
20.5%
1994 (3)Heath Shuler
19.6%
1991 (24)Todd Marinovich
17.9%
1997 (26)Jim Druckenmiller
17.5%
1990 (7)Andre Ware
17.5%
1996 (6)Lawrence Phillips
16.9%
1992 (1)Steve Emtman
15.7%
1990 (2)Blair Thomas
15.7%
2000 (4)Peter Warrick
14.2%
1997 (27)Rae Carruth
8.7%
1995 (10)JJ Stokes
8.6%
1982 (4)Art Schlichter
4.6%

You're not logged in!

Compare scores with friends on all Sporcle quizzes.
OR
Log In

Sporcle TV

Today on Sporcle TV


Watch our educational content, quiz creation guides, and fun videos on Sporcle TV.

Show Comments

Extras

Top Quizzes Today


Score Distribution

Your Account Isn't Verified!

In order to create a playlist on Sporcle, you need to verify the email address you used during registration. Go to your Sporcle Settings to finish the process.

Report this User

Report this user for behavior that violates our Community Guidelines.

Details: